New Password B2 - unit 3 wordlist - Statystyki

Ogólne statystyki
  • Ten quiz został rozwiązany 552 razy
  • Średni wynik to 54 z 131
Statystyki odpowiedzi
Hint Odpowiedź % Poprawnych
zaliczka, awans, awansować advance
90%
być przepracowanym be overworked
84%
zaawansowany, rozwinięty advanced
83%
zatrudniać | zatrudnić, używać employ
82%
kariera zawodowa career
79%
awans, rozwój, postęp advancement
77%
pracownik employee
77%
pracodawca employer
75%
wiedzieć, umieć know
74%
zatrudniony employed
70%
zatrudnienie employment
69%
wiedza, znajomość knowledge
68%
zarobki earnings
66%
możliwość zatrudnienia employability
66%
trenować train
66%
zatrudnialny employable
63%
trener trainer
63%
rozwój kariery zawodowej career advancement
62%
list motywacyjny covering letter
62%
szansa na awans chance of promotion
60%
otrzymać emeryturę get a pension
60%
zatrudniać hire
60%
rynek pracy job market
59%
praktykant, stażysta trainee
58%
przedsiębiorca entrepreneur
57%
rozwijać uniwersalne umiejętności boost your transferable skills
56%
radzić sobie fare
56%
wspierać foster
56%
zarabiać na życie make a living
56%
uczestniczyć participate
56%
praca na pół etatu part-time job
56%
przejść na emeryturę retire
56%
miejsce pracy workplace
56%
uczestnik participant
55%
uczestnictwo participation
55%
przeszkolony trained
55%
szkolenie training
55%
zrezygnować z pracy quit a job
54%
samozatrudniony self-employed
54%
biuro pośrednictwa pracy job centre
53%
pracować po godzinach work overtime
53%
mobilność zawodowa job mobility
52%
podwyżka pay rise
52%
urodzony przywódca born leader
50%
uzyskać praktyczną wiedzę gain hands-on knowledge
50%
barista barista
49%
przedsiębiorczy entrepreneurial
48%
nazwisko surname
47%
uczestniczenie, uczestniczący participating
46%
imię first name
44%
rozwój zawodowy career development
43%
odbyć staż undergo a traineeship
42%
konstruktywna informacja zwrotna constructive feedback
41%
stanowisko, posada post
41%
biegać, zarządzać, prowadzić run
40%
siła robocza workforce
40%
szczeble kariery career ladder
39%
poszukiwanie pracy search for employment
39%
pracownik tymczasowy temp
39%
zbudować portfolio build your portfolio
38%
data urodzenia date of birth
38%
pomóc komuś give sb a hand
38%
narodowość nationality
38%
drugie imię middle name
37%
przekazać zadania delegate tasks
36%
ziemia, wylądować land
36%
stresujący stressful
36%
zarządzać projektem be in charge of a project
35%
pełnoetatowy full-time
35%
kod pocztowy postcode
35%
bieżący adres current address
34%
potrzebować wsparcia need support
34%
dane osobowe personal data
34%
pracować z domu work from home
34%
fizyczny blue-collar
33%
przesunąć, poruszyć, wzruszyć move
33%
prywatny nauczyciel online online tutor
33%
dobrze płatny well-paid
32%
ogłoszenie o pracę job advert
31%
bezpieczeństwo zatrudnienia job security
31%
okazywać display
30%
wzmocnić pozycję członków zespołu empower team members
30%
przejawiać manifest
30%
wziąć odpowiedzialność take on responsibility
30%
kraj zamieszkania country of residence
29%
dodatkowe świadczenia job benefits
29%
nisko płatny low-paid
29%
agencja pośrednictwa pracy tymczasowej temp agency
29%
czas pracy working hours
29%
przyziemne, nieciekawe zadanie mundane task
28%
wystawiać sztukę, wykonywać zadania perform
28%
sezonowy seasonal
28%
umysłowy, biurowy white-collar
28%
pracownik centrum informacyjnego call centre worker
27%
cechy osobowe personal qualities
27%
stawiać wysokie oczekiwania set high expectations
27%
intratny, lukratywny lucrative
26%
monotonny monotonous
26%
dochodowy, opłacalny profitable
26%
znaleźć pracę land a job
25%
doprowadzić projekt do końca see the project through
25%
utrzymywać się samemu support yourself
25%
obeznany, zorientowany, wykształcony knowledgable
24%
tajemniczy klient mystery shopper
24%
zatrudnienie na krótki okres short-term employment
24%
złożyć wypowiedzenie give in your notice
23%
wiązać koniec z końcem make ends meet
23%
fizyczny, ręczny manual
23%
praca dorywcza temporary job
23%
nie być czegoś świadomym be unaware of
22%
bez perspektyw dead-end
22%
pracownik obsługi food trucka food truck attendant
22%
zaplanować próby schedule the rehearsals
22%
pracować zdalnie work remotely
22%
koncentrować się na mocnych stronach członków zespołu focus on team members' strengths
21%
niewykwalifikowany unskilled
21%
wymagający challenging
20%
asystent ds. wprowadzania danych data entry assisstant
20%
wymagający demanding
20%
spróbować give it a go
19%
wykwalifikowany, uzdolniony, wprawny skilled
19%
środowisko pracy working environment
19%
być do czegoś stworzonym be cut out to do sth
18%
mieć rozpaczliwą potrzebę be in desperate need of
17%
satysfakcjonujący rewarding
17%
wystarczający, dosyć, aż nadto ample
14%
ważny, odpowiedzialny high-powered
14%
niewykwalifikowany menial
14%
dążenie pursuit
13%
sumienny conscientious
9%
Nie znaleziono quizów pasujących do podanych kryteriów
Rozkład punktacji
Procent ludzi z każdym wynikiem
Percentyl według liczby udzielonych odpowiedzi
Twoja historia wyników
Nie rozwiązałeś tego quizu